En el Museo Romántico de Sitges : inauguración del nuevo jardín y de la bodega ochocentista inauguración del nuevo jardín y de la bodega ochocentista
Descripción Física:
Il·lustracions
Colección:
San Jorge,
; núm. 6 (abril 1952), pàg. 60-61
Materias:
Museu Romàntic (Sitges, Catalunya)
Idioma:
Español
MARC
| LEADER | 00000naa a2200000 a 4500 | ||
|---|---|---|---|
| 003 | Arxiu | ||
| 005 | 20260324181030.0 | ||
| 008 | 160829s1952 axx s spa c | ||
| 080 | |a agdb | ||
| 245 | 0 | 0 | |a En el Museo Romántico de Sitges : |b inauguración del nuevo jardín y de la bodega ochocentista |
| 300 | |b Il·lustracions | ||
| 490 | |a San Jorge, |v núm. 6 (abril 1952), pàg. 60-61 | ||
| 610 | 2 | 0 | |a Museu Romàntic (Sitges, Catalunya) |9 54526 |
| 773 | |g Núm. 6 (abril 1952), pàg. 60-61 |t San Jorge. | ||
| 901 | |a Arxiu | ||
| 942 | |n 1 |2 udc |c ART | ||
| 952 | |0 0 |1 0 |4 0 |7 1 |9 64234 |a Arxiu |b Arxiu |d 2022-11-21 |o Rev-508 |r 2022-11-21 00:00:00 |w 2022-11-21 |y ARXIU |z També disponible a Rev-521 | ||
| 999 | |c 47391 |d 47391 | ||